000 00757nam a2200253Ia 4500
003 OSt
005 20220927105908.0
006 a|||||r|||| 00| 0
007 ta
008 220926b |||||||| |||| 00| 0 eng d
024 _a47164
037 _cReference Collections
040 _aRTL
_cRTL
_beng
041 _2eng
_aeng
082 _a"X:89K33.2N7, L7"
111 _aSeminar on city development plants and their implementation (1975 : New Delhi)
_9375590
245 0 _aProceedings
260 _aNew
_bDelhi I I P A India
_c1976
300 _a"xv, 282p."
_ccm.
500 _aIndian institute of public administration
650 _aRegional Economics
942 _h"X:89K33.2N7, L7"
_cCC
999 _c695110
_d695110